Elementos tčnico-econm̤icos para evaluar los fundamentos que tendra̕ una controversia comercial en contra del maz̕ de EEUU

Detalles Bibliográficos
Autor principal: Yn︢ez Naude, Antonio
Otros Autores: Martn̕ez Guzmǹ, Anabel, Orrantia Bustos, Manuel Alejandro
Formato: eBook
Lenguaje:español
Publicado: Ciudad de Mx̌ico: Cm̀ara de Diputados, 2010
Materias:
Acceso en línea:Acceso restringido

MARC

LEADER 00000nam a22000007a 4500
005 2017070901371.0
007 cr|||| ||||
008 170709s2010 mx |||||s||||f00||0 spa d
020 |a 978-607-7919-10-0 
035 |a 20401 
040 |a vLex 
090 |c 6810  |d 6810 
100 1 |a Yn︢ez Naude, Antonio 
245 1 0 |a Elementos tčnico-econm̤icos para evaluar los fundamentos que tendra̕ una controversia comercial en contra del maz̕ de EEUU  |h [Recurso electrn̤ico] /  |c Antonio Yn︢ez Naude, Anabel Martn̕ez Guzmǹ, Manuel Alejandro Orrantia Bustos 
256 |a Servicio en ln̕ea 
260 |a Ciudad de Mx̌ico:  |b Cm̀ara de Diputados,  |c 2010 
300 |a 1 recurso electrn̤ico 
506 1 |a Disponible solo en los productos indicados  |d vLex Global  |d vLex Global (Academic Edition, excluding Law Schools)  |d vLex Global (U.S. Academic Edition, Law Schools)  |d vLex Global (U.S. Academic Edition, excluding Law Schools)  |d vLex Global (Academic Edition, Law Schools) 
650 0 4 |a Derecho Mercantil y de la Empresa  |z Mx̌ico 
700 1 |a Martn̕ez Guzmǹ, Anabel 
700 1 |a Orrantia Bustos, Manuel Alejandro 
740 0 |a vLex Libros (Servicio en ln̕ea) 
856 4 0 |u http://vlex.com/source/elementos-tecnico-economicos-para-evaluar-los-fundamentos-que-tendria-una-controversia-comercial-en-contra-del-maiz-procedente-de-los-estados-unidos-de-america-20401  |z Acceso restringido 
942 |c BOOK 
999 0 |a Commercial and Company Law